000 00639nam a22002297a 4500
003 UA-OsUOA
001 97351
007 ta
008 20130328b un ||||| |||| 00| 0 ukr d
100 _aНикандров Н.
090 _a821.161.1
_bН62
942 _cBK
040 _aUA-OsUOA
_brus
_cUA-OsUOA
_dUA-OsUOA
245 _aБереговой ветер
_bповести и рассказы
300 _a384 с.
955 _a3
041 _arus
080 _a821.161.1
260 _aСимферополь
_bТаврия
_c1986
650 7 _a82 Література. Літературознавство
_2UDC
999 _c383598
_d383598